Top five countries with the most jews - Statistics

General Stats
  • This quiz has been taken 40 times
  • The average score is 4 of 5
Answer Stats
Hint Answer % Correct
5,7 million USA
95%
500000 France
74%
292000 Uk
71%
392000 Canada
66%
6,9 million Palestine
61%
No matching quizzes found
Score Distribution
Percent of People with Each Score
Percentile by Number Answered
Your Score History
You have not taken this quiz